Copa América 2024 - Statistics

Estatísticas Gerais
  • Esse quiz foi jogado 132 vezes
  • A pontuação média é 15 de 16
Estatísticas das Respostas
Resposta % Correto
Argentina
100%
Brasil
100%
Paraguai
99%
Uruguai
99%
Colômbia
98%
Estados Unidos
98%
Venezuela
98%
Chile
96%
México
96%
Canadá
95%
Costa Rica
95%
Equador
95%
Peru
94%
Bolivia
93%
Panamá
91%
Jamaica
83%
Nenhum quiz correspondente encontrado
Distribuição das Pontuações
Porcentagem de Pessoas com Cada Pontuação
Percentil de Números Respondidos
Sua Pontuação Histórica
Você não jogou esse quiz